000 00641nam a2200241Ia 4500
003 OSt
005 20220928112101.0
006 a|||||r|||| 00| 0
007 ta
008 220927b |||||||| |||| 00| 0 eng d
024 _a77427
037 _cTextual
040 _aSDCL
_cSDCL
_beng
041 _2eng
_aeng
082 _aB33,2:1, P2
100 _aPrecup Radu
_9426241
245 0 _aMethods in nonlinear integral equations.
260 _aDordrecht
_bKluwer
_c2002
300 _aix,218p
_ccm.
650 _aNonlinear Equations
_9426242
942 _hB33,2:1, P2
_cTEXL
_2CC
999 _c743222
_d743222